Sociedad. justicia y violencia /
El artículo es una reflexión sobre la integración social desde el punto de vista de la sociedad, la justicia y la violencia. El texto se divide en tres partes, la primera trata la integración social, la segunda se refiere a la violencia en El Salvador y la tercera habla sobre la justicia, ofreciendo...
Wedi'i Gadw mewn:
| Prif Awdur: | |
|---|---|
| Fformat: | Texto |
| Pynciau: | |
| Tagiau: |
Ychwanegu Tag
Dim Tagiau, Byddwch y cyntaf i dagio'r cofnod hwn!
|
MARC
| LEADER | 00000 a a2200000 04500 | ||
|---|---|---|---|
| 001 | 47085 | ||
| 003 | |||
| 040 | |||
| 100 | |a González, Luis Armando | ||
| 245 | |a Sociedad. justicia y violencia / |c Luis Armando González | ||
| 520 | |a El artículo es una reflexión sobre la integración social desde el punto de vista de la sociedad, la justicia y la violencia. El texto se divide en tres partes, la primera trata la integración social, la segunda se refiere a la violencia en El Salvador y la tercera habla sobre la justicia, ofreciendo algunas nociones teóricas básicas basadas en la relación entre justicia y violencia. | ||
| 590 | |a MBA26032015 | ||
| 650 | |a INTEGRACION SOCIAL | ||
| 650 | |a Macrothesauro de la OCDE/ | ||
| 650 | |a SOCIEDAD | ||
| 650 | |a Macrothesauro de la OCDE/ | ||
| 650 | |a JUSTICIA | ||
| 650 | |a Macrothesauro de la OCDE/ | ||
| 650 | |a VIOLENCIA | ||
| 650 | |a Macrothesauro de la OCDE/ | ||
| 650 | |a SOCIOLOGIA | ||
| 650 | |a Macrothesauro de la OCDE/ | ||
| 650 | |a PROBLEMAS SOCIALES | ||
| 650 | |a Macrothesauro de la OCDE/ | ||
| 650 | |a HOMICIDIO | ||
| 650 | |a Macrothesauro de la OCDE/ | ||
| 650 | |a ADMINISTRACION DE JUSTICIA | ||
| 650 | |a Macrothesauro de la OCDE | ||
| 650 | |a EL SALVADOR | ||
| 650 | |a Macrothesauro de la OCDE | ||
| 773 | |a número129, (2011), páginas 385-404 : tablas, gráficos | ||
| 999 | |c 24130 |d 24130 | ||
